| 000 | 01070cam a22002895a 4500 | ||
|---|---|---|---|
| 001 | 17992052 | ||
| 005 | 20201128023858.0 | ||
| 008 | 140109t2014 njua frb 001 0 eng d | ||
| 020 | _a9781118202685 | ||
| 040 |
_aDLC _beng _cDLC _dDLC _dEG-ScBUE |
||
| 082 | 0 | 4 |
_a332.632 _222 _bJOH |
| 100 | 1 |
_aJohnson, R. Stafford. _936752 |
|
| 245 | 1 | 0 |
_aEquity markets and portfolio analysis / _cR. Stafford Johnson. |
| 260 |
_aHoboken : _bJohn Wiley & Sons, Inc., _cc.2014. |
||
| 300 |
_axiii, 706 p. : _bill. ; _c26 cm. |
||
| 490 | 0 | _aBloomberg financial series. | |
| 500 | _aIndex : p. 695-706. | ||
| 504 | _aIncludes bibliographical references. | ||
| 505 | 0 | _aOverview of the financial system -- Overview and guide to the Bloomberg system -- Stock and bond valuation and return -- Equity securities, markets, and trading. | |
| 650 | 0 |
_aStock exchanges. _2BUEsh |
|
| 650 | 7 |
_a Investment analysis. _2BUEsh _91288 |
|
| 650 | 7 |
_aPortfolio management. _2BUEsh _92032 |
|
| 650 | 7 |
_aInvestments. _2BUEsh _99026 |
|
| 651 | _2BUEsh | ||
| 653 |
_bBUSADM _cOctober2016 |
||
| 942 | _2ddc | ||
| 999 |
_c22606 _d22578 |
||